Tenth five year plan: 2008-2013 / (Record no. 2192)
[ view plain ]
| 000 -LEADER | |
|---|---|
| fixed length control field | 00995nam a2200205 4500 |
| 001 - CONTROL NUMBER | |
| control field | 2733 |
| 005 - DATE AND TIME OF LATEST TRANSACTION | |
| control field | 20181127165635.0 |
| 010 00 - LIBRARY OF CONGRESS CONTROL NUMBER | |
| LC control number | |
| 020 00 - INTERNATIONAL STANDARD BOOK NUMBER | |
| International Standard Book Number | 978-9993676904 |
| 100 00 - MAIN ENTRY--PERSONAL NAME | |
| Personal name | Gross National Happiness Commission, Royal Government of Bhutan. |
| 245 00 - TITLE STATEMENT | |
| Title | Tenth five year plan: 2008-2013 / |
| Statement of responsibility, etc. | Gross National Happiness Commission, Royal Government of Bhutan. |
| Medium | |
| 260 00 - PUBLICATION, DISTRIBUTION, ETC. | |
| Place of publication, distribution, etc. | Thimphu : |
| Name of publisher, distributor, etc. | Gross National Happiness Commission, Royal Government of Bhutan, |
| Date of publication, distribution, etc. | 2009 |
| 300 00 - PHYSICAL DESCRIPTION | |
| Extent | 155 p. |
| 500 00 - GENERAL NOTE | |
| General note | Electronic copy available on RTC Cloud in "Library" folder |
| 590 ## - LOCAL NOTE (RLIN) | |
| Local note | RTC library has bound xerographic copy of Vol. 1 |
| 651 ## - SUBJECT ADDED ENTRY--GEOGRAPHIC NAME | |
| Geographic name | Bhutan --Economic policy. |
| Form subdivision | |
| General subdivision | |
| Chronological subdivision | |
| Geographic subdivision | |
| Source of heading or term | |
| Geographic name | Bhutan --Social policy. |
| Form subdivision | |
| General subdivision | |
| Chronological subdivision | |
| Geographic subdivision | |
| Source of heading or term | |
| 856 ## - ELECTRONIC LOCATION AND ACCESS | |
| Host name | |
| Uniform Resource Identifier | <a href="http://planipolis.iiep.unesco.org/upload/Bhutan/Bhutan_TenthPlan_Vol1_Web.pdf">http://planipolis.iiep.unesco.org/upload/Bhutan/Bhutan_TenthPlan_Vol1_Web.pdf</a> |
| Link text | Tenth five year plan: 2008-2013, Vol.I |
| Public note | |
| Materials specified | |
| Host name | |
| Uniform Resource Identifier | <a href="http://www.gnhc.gov.bt/wp-content/uploads/2011/10thplan/TenthPlan_Vol2_Web.pdf">http://www.gnhc.gov.bt/wp-content/uploads/2011/10thplan/TenthPlan_Vol2_Web.pdf</a> |
| Link text | Tenth five year plan: 2008-2013, Vol. II |
| Public note | |
| Materials specified | |
| Withdrawn status | Lost status | Source of classification or shelving scheme | Damaged status | Not for loan | Collection code | Home library | Current library | Shelving location | Date acquired | Serial Enumeration / chronology | Inventory number | Total Checkouts | Total Renewals | Full call number | Barcode | Date last seen | Date last checked out | Price effective from | Koha item type |
|---|---|---|---|---|---|---|---|---|---|---|---|---|---|---|---|---|---|---|---|
| Dewey Decimal Classification | Main TEST | RTC Library | RTC Library | Main opac | 28/02/2024 | 8464 | 1 | 1 | 333.954 TEN | 30007716 | 26/03/2024 | 28/02/2024 | 27/11/2018 | Main | |||||
| Dewey Decimal Classification | Binding Materials. | RTC Library | RTC Library | Binding | 6189 | 333.954 TEN | 30000416 | 27/11/2018 | 27/11/2018 | Binder | |||||||||
| Dewey Decimal Classification | Desk | RTC Library | RTC Library | Desk | 333.954 TEN | 30006284 | 27/11/2018 | 27/11/2018 | Desk (DVD/CD) |